| 000 | 00463nam a2200169 i 4500 | ||
|---|---|---|---|
| 001 | 52859 | ||
| 003 | ES-MaACL | ||
| 005 | 20230906162647.0 | ||
| 007 | t| | ||
| 008 | 030905s1961 sp ||||1| spa d | ||
| 100 | 1 |
_aGroot, A. de. _960139 |
|
| 245 | 1 | 0 |
_aArtimética práctica / _cpor A. de Groot. |
| 250 | _a[2ª ed.]. | ||
| 260 |
_a[Madrid : _bEscuelas Internacionales], _c1961. |
||
| 300 |
_a4 v. : _bil. ; _c19 cm. |
||
| 852 |
_aES-MaACL _jC-20155-8 _bR.48367 |
||
| 999 |
_c52859 _d52859 |
||